00902cam a22002531 450000100060000000300080000600500170001400800390003103500190007003500180008904000450010704100080015208200220016010000410018224500630022326000440028630000210033049000420035165000530039365100200044694200120046699900170047895201530049526830BD-RjUL20211209051055.0140323s1962 nju b 000 0 eng a(BD-RjUL)26901 a(OCoLC)407101 aDLCcODaWUdOCoLCdUkdDLCdBD-RjULbeng aeng a943.087bPOD 19621 aPounds, Norman John Greville.91014510aDivided Germany and Berlin /c Norman John Greville Pounds aPrinceton, N.J. :bVan Nostrand,c1962. a128 p. ;c21 cm.0 aVan Nostrand searchlight book,vno. 1 0aGerman reunification question (1949-1990)913317 0aGermany.982471 2ddccBK c26830d26830 00102ddc40728NFICaRUCLbRUCLcReadingd1967-04-01ePak american commericalg7.25l0o943.087 POD 1962r2014-03-23 00:00:00tC-1w2014-03-23yBK